The islands of the Cook Islands - Statistics

General Stats
  • This quiz has been taken 61 times
  • The average score is 8 of 15
Answer Stats
Answer % Correct
Rarotonga
96%
Aitutaki
81%
Atiu
65%
Mangaia
58%
Ma'uke
58%
Palmerston
54%
Manihiki
52%
Pukapuka
52%
Penrhyn
48%
Rakahanga
48%
Suwarrow
48%
Mitiaro
46%
Manuae
27%
Nassau
27%
Takutea
19%
No matching quizzes found
Score Distribution
Percent of People with Each Score
Percentile by Number Answered
Your Score History
You have not taken this quiz